[Event "Petroupoli-ch"]
[Site "Petropouli"]
[Date "2014.02.08"]
[Round "3"]
[White "Kiousi, Panagiota"]
[Black "Ladias, Vaggelis"]
[Result "1-0"]
[WhiteElo "1005"]
[BlackElo "1000"]
[PlyCount "23"]
[EventDate "2014.01.25"]
[EventType "swiss"]
[EventRounds "7"]
[EventCountry "GRE"]
[SourceTitle "EXT 2015"]
[Source "ChessBase"]
[SourceDate "2014.11.20"]
[SourceVersion "1"]
[SourceVersionDate "2014.11.20"]
[SourceQuality "1"]

1. e4 d5 2. exd5 Qxd5 3. Nc3 Qa5 4. Bc4 e5 5. Qf3 f6 6. Bb5+ c6 7. Bc4 Bc5 8. Qg3 g5 9. Nf3 Bf5 10. Nxe5 fxe5 11. Qxe5+ Ne7 12. Qxh8+ 1-0

[Event "Petroupoli-ch"]
[Site "Petropouli"]
[Date "2014.01.25"]
[Round "1"]
[White "Ladias, Vaggelis"]
[Black "Karagiannis, Georgios1111"]
[Result "0-1"]
[WhiteElo "1000"]
[BlackElo "1490"]
[PlyCount "40"]
[EventDate "2014.01.25"]
[EventType "swiss"]
[EventRounds "7"]
[EventCountry "GRE"]
[SourceTitle "EXT 2015"]
[Source "ChessBase"]
[SourceDate "2014.11.20"]
[SourceVersion "1"]
[SourceVersionDate "2014.11.20"]
[SourceQuality "1"]

1. d4 Nf6 2. Nf3 e6 3. Nc3 Bb4 4. Bg5 h6 5. a3 Bxc3+ 6. bxc3 hxg5 7. Nxg5 b6 8. e4 Bb7 9. e5 Nd5 10. Qf3 Qxg5 11. Bb5 Nc6 12. Bxc6 Bxc6 13. c4 Nf4 14. Qe3 Nxg2+ 15. Ke2 Nxe3 16. Rae1 Nxc4 17. Rhg1 Qd2+ 18. Kf1 Ne3+ 19. fxe3 Rxh2 20. Rxg7 Qf2# 0-1